Statistics for Top 10 World Capitals Closest to Rome

Click here to take the quiz!

General Stats

  • This quiz has been taken 83 times
  • The average score is 8 of 10

Answer Stats

DistanceCapital% Correct
0 kmVatican City
99%
225 kmSan Marino
88%
518 kmZagreb
88%
459 kmMonaco
86%
613 kmTirana
77%
490 kmLjubljana
73%
533 kmSarajevo
71%
602 kmTunis
70%
580 kmPodgorica
65%
630 kmVaduz
49%

Score Distribution

Percentile by Number Answered

Percent of People with Each Score

Your Score History

You have not taken this quiz